| 000 -LEADER |
| fixed length control field |
01121nam a2200301Ia 4500 |
| 020 ## - INTERNATIONAL STANDARD BOOK NUMBER |
| ISBN |
0022442197 (Gr.1) |
| 020 ## - INTERNATIONAL STANDARD BOOK NUMBER |
| ISBN |
0022442200 (Gr.2) |
| 020 ## - INTERNATIONAL STANDARD BOOK NUMBER |
| ISBN |
0022442286 (Gr.3) |
| 020 ## - INTERNATIONAL STANDARD BOOK NUMBER |
| ISBN |
0022442294 (Gr.4) |
| 020 ## - INTERNATIONAL STANDARD BOOK NUMBER |
| ISBN |
0022442308 (Gr.5) |
| 020 ## - INTERNATIONAL STANDARD BOOK NUMBER |
| ISBN |
0022442316 (Gr.6) |
| 040 ## - CATALOGING SOURCE |
| Transcribing agency |
YBM |
| 082 ## - DEWEY DECIMAL CLASSIFICATION NUMBER |
| Classification number |
372 HIL 1998 A020 Or. |
| 100 1# - MAIN ENTRY--AUTHOR NAME |
| Personal name |
Cook, Gillian Elizabeth, |
| 245 10 - TITLE STATEMENT |
| Title |
McGraw-Hill spelling |
| 246 03 - VARYING FORM OF TITLE |
| Title proper/short title |
Spelling. |
| 260 ## - PUBLICATION, DISTRIBUTION, ETC. (IMPRINT) |
| Place of publication |
New York : |
| Name of publisher |
McGraw-Hill School Division, |
| Year of publication |
c1998. |
| 300 ## - PHYSICAL DESCRIPTION |
| Number of Pages |
6 v. : |
| Other physical details |
col. ill. ; |
| Dimensions |
28 cm. + |
| Accompanying material |
teacher's ed. (6 v. col. ill. ; 28 cm.) |
| 500 ## - GENERAL NOTE |
| General note |
TE = Teacher's Edition; TRB = Teacher's Resource Book. |
| 500 ## - GENERAL NOTE |
| General note |
Each vol. is a separate grade level : 1-6. |
| 520 ## - SUMMARY, ETC. |
| Summary, etc |
Student texts accompanied by teacher's editions (TE), teacher's resource books (TRB), and supplemental resources. |
| 520 ## - SUMMARY, ETC. |
| Summary, etc |
Teacher's resource books (TRB) contain activity masters, assessment, home connections, and management tools. |
| 650 #0 - SUBJECT ADDED ENTRY--TOPICAL TERM |
| Topical Term |
Spellers. |
| 650 #0 - SUBJECT ADDED ENTRY--TOPICAL TERM |
| Topical Term |
English language |
| 650 #0 - SUBJECT ADDED ENTRY--TOPICAL TERM |
| Topical Term |
Education, Elementary. |
| 710 2# - ADDED ENTRY--CORPORATE NAME |
| Corporate name or jurisdiction name as entry element |
McGraw-Hill School Division. |
| 942 ## - ADDED ENTRY ELEMENTS (KOHA) |
| Koha item type |
សៀវភៅភាសាអង់គ្លេស |
| 952 ## - LOCATION AND ITEM INFORMATION (KOHA) |
| Withdrawn status [LOCAL, KOHA] |
0 |